Science Quiz

Random Science or Sporcle Quiz

Sporcle's Easiest Science Quiz Stats

 Plays Quiz Updated Feb 23, 2016

Challenge
Share
Tweet
Embed
Score 0/30 Timer 05:00
11 Plays Today
Hint Answer % Correct
3 letter body partsEar
98.9%
Planets from the SunMars
97.1%
Planets from the SunEarth
96.9%
3 letter body partsEye
95%
Planets from the SunVenus
95%
Planets from the SunJupiter
93.5%
Planets from the SunMercury
92.9%
3 letter body partsArm
91.5%
Periodic Table elementsOxygen
90.9%
Periodic Table elementsHydrogen
89.5%
3 letter body partsLeg
89.4%
3 letter body partsToe
81.7%
Periodic Table elementsHelium
81.1%
Periodic Table elementsCarbon
74.3%
Human bonesFemur
74.1%
Hint Answer % Correct
Human bonesCranium
70.4%
Periodic Table elementsNitrogen
68.3%
S.I. Base unitsMeter
62%
Human bonesTibia
59.6%
Classical Simple MachinesLever
57.8%
Classical Simple MachinesPulley
56.8%
Human bonesRibs
54.6%
S.I. Base unitsKilogram
46.4%
S.I. Base unitsSecond
30.3%
Classical Simple MachinesScrew
28.3%
Classical Simple MachinesWedge
26.7%
Classical Simple MachinesInclined Plane
24.9%
Human bonesSternum
23.5%
S.I. Base unitsAmpere
20.3%
S.I. Base unitsKelvin
19.1%

You're not logged in!

Compare scores with friends on all Sporcle quizzes.
Join for Free
OR
Log In

You Might Also Like...

Show Comments

Extras

Top Quizzes Today


Score Distribution

Your Account Isn't Verified!

In order to create a playlist on Sporcle, you need to verify the email address you used during registration. Go to your Sporcle Settings to finish the process.

Report this User

Report this user for behavior that violates our Community Guidelines.

Details: